| 000 | 004810000a22001810004500 | ||
|---|---|---|---|
| 003 | MACL | ||
| 005 | 20151227143001.0 | ||
| 008 | 151227b xxu||||| |||| 00| 0 eng d | ||
| 040 |
_aMACL _cmacl |
||
| 041 | _aEnglish | ||
| 082 | _a025.4331/SHA | ||
| 100 |
_aSharma, S K _923295 |
||
| 245 | _aDeway Decimal Classification for Indology | ||
| 260 |
_bUppal publishing House _c1979 _aNew Delhi |
||
| 350 | _a200 | ||
| 650 |
_aLibrary Operation _923296 |
||
| 942 |
_cBK _k025.431/SHA _2ddc |
||
| 999 |
_c33805 _d33805 |
||